| 000 | 00877nam a2200277 a 4500 | ||
|---|---|---|---|
| 001 | 62744 | ||
| 003 | BD-RjUL | ||
| 005 | 20211209081122.0 | ||
| 008 | 170125s1992 enkabd bs i000 0 eng d | ||
| 020 | _a0195208765 (pbk) | ||
| 020 | _a0195208773 (cl.) | ||
| 035 | _a(BD-RjUL) 62871 | ||
| 040 |
_aBD-RjUL _beng _cBD-RjUL _dBD-RjUL |
||
| 041 | _aeng | ||
| 082 |
_223 _a338.91724 _bWOR 1992 |
||
| 245 | 1 | 0 |
_aWorld development report, 1992 : _bdevelopment and the environment / _cAndrew Steer ; Dennis Anderson ... et al. |
| 260 |
_aNew York : _bOxford University Press, _cc1992. |
||
| 300 |
_axii, 308 p. : _bills. ; _c27 cm. |
||
| 650 | 0 |
_aEcology. _9170271 |
|
| 650 | 0 |
_aEconomic development. _9170469 |
|
| 650 | 0 |
_aForce and energy. _9186507 |
|
| 700 | 1 |
_aSteer, Andrew. _9186508 |
|
| 700 | 1 |
_aAnderson, Dennis. _9186509 |
|
| 710 | 2 |
_aWorld Bank. _9171728 |
|
| 942 |
_2ddc _cBK |
||
| 999 |
_c62744 _d62744 |
||